MALAYSIAN EYE : Contemporary Mlaysian Art
| Format: | Book |
|---|---|
| Published: |
Milano:
Skira,
2014.
|
| Subjects: |
| LEADER | 00527cam a2200157 7i4500 | ||
|---|---|---|---|
| 001 | 0000032718 | ||
| 005 | 20190828090000.0 | ||
| 007 | ##ta | ||
| 008 | 190710s2014 my | ||
| 020 | # | # | |a 9788857222509 |
| 090 | 0 | 0 | |a B 709.5950905 |b MAL (LRM) |
| 245 | 0 | 0 | |a MALAYSIAN EYE : |b Contemporary Mlaysian Art |c edited by Serenella Ciclitira. |
| 264 | # | 1 | |a Milano: |b Skira, |c 2014. |
| 300 | # | # | |a 375 pages: |b illustrations; |c 24 x 25 cm. |
| 650 | # | 0 | |a Art, Malaysian -- |x Exhibitions -- |y 21st century |
| 999 | |a B000036713 |b Book |c Designs |e Business Information Centre | ||


